The Electronic Media (Record no. 3999)

MARC details
000 -LEADER
fixed length control field 00403nam a22001697a 4500
005 - DATE AND TIME OF LATEST TRANSACTION
control field 20160625120542.0
008 - FIXED-LENGTH DATA ELEMENTS--GENERAL INFORMATION
fixed length control field 160625b xxu||||| |||| 00| 0 eng d
020 ## - INTERNATIONAL STANDARD BOOK NUMBER
ISBN 81-229-0157-3
041 ## - LANGUAGE CODE
Language code of text/sound track or separate title eng
082 ## - DEWEY DECIMAL CLASSIFICATION NUMBER
Item number 10183
100 ## - MAIN ENTRY--AUTHOR NAME
Personal name Orlik, Peter B
245 ## - TITLE STATEMENT
Title The Electronic Media
260 ## - PUBLICATION, DISTRIBUTION, ETC. (IMPRINT)
Name of publisher Surjeet Publication
Year of publication 2003
300 ## - PHYSICAL DESCRIPTION
Number of Pages 655
650 ## - SUBJECT ADDED ENTRY--TOPICAL TERM
Topical Term Mass Communication
942 ## - ADDED ENTRY ELEMENTS (KOHA)
Koha item type Books
Holdings
Lost status Damaged status Home library Current library Shelving location Date acquired Cost, normal purchase price Full call number Accession Number Koha item type Collection code
    JRU Library   SHELF-31-H 25/06/2016 395.00 10183 10183 Books  
    JRU Library   SHELF-31-G 25/06/2016 395.00 10183 10184 Books Reference
    JRU Library   SHELF-31-H 25/06/2016 395.00 10183 10185 Books  
    JRU Library   SHELF-31-G 25/06/2016 395.00 10183 10186 Books